[Event "Arci - Kaltern/Tramin"]
[Site "?"]
[Date "2017.02.11"]
[Round "7.2"]
[White "De Vita, Gianni"]
[Black "Panjkovic, Aleksandar"]
[Result "1/2-1/2"]
[WhiteElo "1941"]
[BlackElo "2087"]
[PlyCount "56"]
[EventDate "2017.02.11"]

1. e4 d6 2. d4 g6 3. Nf3 Bg7 4. Nc3 a6 5. a4 b6 6. Be2 Nf6 7. O-O O-O 8. Bg5 h6
9. Bh4 Bb7 10. e5 Ne4 11. Nxe4 Bxe4 12. Nd2 Bc6 13. Nc4 Qe8 14. Bf3 Bxf3 15.
Qxf3 Nc6 16. c3 dxe5 17. Nxe5 Nxe5 18. dxe5 Bxe5 19. Qe3 Bf6 20. Qxh6 Bxh4 21.
Qxh4 Kg7 22. Rfe1 e6 23. Qd4+ Kg8 24. Qc4 Qe7 25. Rad1 Rfd8 26. g3 a5 27. h4
Rxd1 28. Rxd1 Rd8 1/2-1/2

[Event "Ehrenburg - Brixen/Milland"]
[Site "?"]
[Date "2017.02.11"]
[Round "7.1"]
[White "Sader, Michael"]
[Black "Gatterer, Florian"]
[Result "1/2-1/2"]
[WhiteElo "2116"]
[BlackElo "2281"]
[PlyCount "86"]
[EventDate "2017.02.11"]

1. d4 d5 2. Nf3 Nf6 3. c4 c6 4. g3 Bf5 5. Nc3 e6 6. Bg2 h6 7. Qb3 Qb6 8. c5
Qxb3 9. axb3 Na6 10. O-O Be7 11. Bf4 Nh5 12. Bd2 O-O 13. Rfc1 Nf6 14. h3 Ne4
15. Nxe4 Bxe4 16. Rxa6 bxa6 17. Ra1 Bf6 18. Ne5 Bxg2 19. Kxg2 Bxe5 20. dxe5
Rfc8 21. Rxa6 Kf8 22. f4 Ke7 23. Bc3 Kd7 24. Kf3 Rcb8 25. b4 Kc7 26. Ke3 Kb7
27. Ra5 a6 28. g4 Rg8 29. Ra1 Raf8 30. Rg1 f6 31. exf6 gxf6 32. h4 Rf7 33. g5
hxg5 34. fxg5 fxg5 35. hxg5 Rg6 36. Bd2 e5 37. Rg2 Kc7 38. Kd3 Kd7 39. Rh2 Ke6
40. Rh8 Ra7 41. Re8+ Kf5 42. Rf8+ Ke6 43. Re8+ Kf5 1/2-1/2

[Event "Ehrenburg - Brixen/Milland"]
[Site "?"]
[Date "2017.02.11"]
[Round "7.2"]
[White "Hengl, Christian"]
[Black "Brenninger, Daniel"]
[Result "1/2-1/2"]
[WhiteElo "2167"]
[BlackElo "2077"]
[PlyCount "136"]
[EventDate "2017.02.11"]

1. e4 c5 2. Nf3 e6 3. d4 cxd4 4. Nxd4 Nc6 5. c4 a6 6. Nc3 Bb4 7. Be3 Nge7 8.
Be2 O-O 9. O-O Bxc3 10. bxc3 d6 11. Qc2 Qc7 12. Rab1 e5 13. Nf5 g6 14. Bb6 Qb8
15. Ne3 Be6 16. Nd5 Bxd5 17. cxd5 Nd8 18. c4 Nc8 19. Be3 Qc7 20. Rfc1 b6 21.
Bg4 Nb7 22. Bxc8 Rfxc8 23. Bxb6 Qd7 24. Rb4 Nc5 25. Bxc5 Rxc5 26. Rcb1 Rac8 27.
Rb8 Kg7 28. Rxc8 Qxc8 29. Rc1 Ra5 30. g3 Qc5 31. Kg2 Qa3 32. Rd1 Kf8 33. Rd2
Ra4 34. Qb3 Qb4 35. Qxb4 Rxb4 36. Rc2 Ke7 37. Kf3 Kd7 38. Ke3 Kc7 39. c5 Ra4
40. c6 f5 41. f3 Ra3+ 42. Ke2 Ra4 43. Ke3 Ra3+ 44. Kf2 Ra4 45. Rb2 fxe4 46.
fxe4 Rxe4 47. Rb7+ Kc8 48. Rd7 Rd4 49. Rxd6 a5 50. Rd7 h5 51. Ke3 Kb8 52. d6
Kc8 53. h4 a4 54. a3 Rc4 55. Rc7+ Kd8 56. Rd7+ Kc8 57. Rg7 Rxc6 58. Rxg6 Rc3+
59. Ke4 Rxa3 60. Kxe5 Kd7 61. Kd5 Ke8 62. Rg8+ Kd7 63. Rg7+ Ke8 64. Ra7 Rd3+
65. Ke6 Re3+ 66. Kd5 a3 67. Ra8+ Kd7 68. Ra7+ Kd8 1/2-1/2

[Event "Ehrenburg - Brixen/Milland"]
[Site "?"]
[Date "2017.02.11"]
[Round "7.3"]
[White "Kofler, Thomas"]
[Black "Jedinger, Andreas"]
[Result "1-0"]
[WhiteElo "1996"]
[BlackElo "2124"]
[PlyCount "65"]
[EventDate "2017.02.11"]

1. e4 e5 2. Nf3 Nc6 3. Bb5 Nge7 4. Nc3 g6 5. d3 Bg7 6. Bg5 h6 7. Be3 O-O 8. Bc4
Nd4 9. Qd2 Kh7 10. O-O-O c6 11. Bxd4 exd4 12. Ne2 d5 13. Bb3 a5 14. a3 Qb6 15.
e5 c5 16. Qf4 Be6 17. Qh4 Nf5 18. Qh3 a4 19. Ba2 Ne3 20. Ng5+ Kg8 21. Nxe6 Nxd1
22. Nxg7 Qxb2+ 23. Kxd1 Kxg7 24. Bxd5 Rad8 25. Qf3 b5 26. Qf6+ Kh7 27. Bxf7 Rg8
28. Bxg8+ Rxg8 29. Qe7+ Rg7 30. Qxc5 Qa1+ 31. Nc1 b4 32. Qxb4 Rc7 33. Re1 1-0

[Event "Ehrenburg - Brixen/Milland"]
[Site "?"]
[Date "2017.02.11"]
[Round "7.4"]
[White "Kapferer, Romed"]
[Black "Kofler, Oswald"]
[Result "1-0"]
[WhiteElo "2100"]
[BlackElo "1839"]
[PlyCount "56"]
[EventDate "2017.02.11"]

1. e4 e5 2. Nf3 Nc6 3. d4 exd4 4. Bc4 Be7 5. c3 d6 6. Qb3 Na5 7. Bxf7+ Kf8 8.
Qa4 Kxf7 9. Qxa5 dxc3 10. Nxc3 c6 11. Qa4 Be6 12. O-O h6 13. e5 d5 14. Nd4 Qc8
15. Be3 g6 16. Rae1 Rh7 17. f4 Kf8 18. f5 gxf5 19. Nxf5 Bxf5 20. Rxf5+ Rf7 21.
Rxf7+ Kxf7 22. Rf1+ Kg7 23. Ne2 Bg5 24. Bxg5 hxg5 25. Nd4 Nh6 26. Rf6 Ng8 27.
Rf3 Ne7 28. e6 c5 1-0

[Event "Ehrenburg - Brixen/Milland"]
[Site "?"]
[Date "2017.02.11"]
[Round "7.5"]
[White "Wisthaler, Lukas"]
[Black "Babinetz, Rainer"]
[Result "0-1"]
[WhiteElo "1788"]
[BlackElo "1967"]
[PlyCount "90"]
[EventDate "2017.02.11"]

1. e4 d6 2. d4 g6 3. c4 Bg7 4. Nc3 Nf6 5. f4 O-O 6. Nf3 c5 7. d5 e6 8. Be2 exd5
9. exd5 Na6 10. O-O Bf5 11. a3 Nc7 12. Bd3 Qd7 13. Qc2 Bxd3 14. Qxd3 a6 15. Rb1
b5 16. b3 Rfe8 17. Bd2 Re7 18. Rbe1 Rae8 19. Rxe7 Rxe7 20. Re1 Rxe1+ 21. Bxe1
Ng4 22. Ne2 bxc4 23. bxc4 Qe7 24. Ba5 Ne8 25. Bd2 Ngf6 26. Ng3 Qb7 27. h3 Qb2
28. Kh2 Bh6 29. Ng5 Qd4 30. Qe2 Kf8 31. Nf3 Qb2 32. Qd3 a5 33. f5 Bxd2 34. Nxd2
Qe5 35. fxg6 hxg6 36. Nde4 Nxe4 37. Qxe4 f5 38. Qf3 Nf6 39. Kg1 Qd4+ 40. Qf2
Qxc4 41. Qe3 Qd4 42. Qxd4 cxd4 43. Ne2 d3 44. Nc3 Ke7 45. Kf2 Ne4+ 0-1

[Event "Ehrenburg - Brixen/Milland"]
[Site "?"]
[Date "2017.02.11"]
[Round "7.6"]
[White "Mairhofer, Rene"]
[Black "Hellweg, Stephan"]
[Result "1/2-1/2"]
[WhiteElo "1663"]
[BlackElo "1736"]
[PlyCount "80"]
[EventDate "2017.02.11"]

1. e4 c5 2. Nf3 d6 3. d4 cxd4 4. Nxd4 a6 5. c4 Nf6 6. Nc3 e6 7. Be3 Be7 8. Be2
Qc7 9. O-O Nc6 10. f4 O-O 11. a3 Rb8 12. b4 Nxd4 13. Qxd4 e5 14. Qd3 Bd7 15.
Rac1 Qd8 16. b5 Be6 17. f5 Bd7 18. Nd5 Nxd5 19. Qxd5 Qc7 20. Rfd1 Rbd8 21. a4
Bc8 22. Rf1 Bf6 23. Qd2 b6 24. Bg5 Bxg5 25. Qxg5 f6 26. Qd2 Qc5+ 27. Kh1 a5 28.
Qd5+ Kh8 29. Rfd1 Rd7 30. Qxc5 bxc5 31. Rd2 Bb7 32. Bf3 Kg8 33. Kg1 Kf7 34. Kf2
Ke7 35. g4 h6 36. h4 Rh8 37. h5 Rb8 38. Rb1 Ba8 39. Rdb2 Bb7 40. Ke3 Ba8
1/2-1/2

[Event "Naturns - Deutschnofen"]
[Site "?"]
[Date "2017.02.11"]
[Round "7.1"]
[White "Dappiano, Andrea"]
[Black "La Manna, Andrea"]
[Result "1/2-1/2"]
[WhiteElo "2237"]
[BlackElo "2157"]
[PlyCount "52"]
[EventDate "2017.02.11"]

1. e4 d5 2. exd5 Nf6 3. Bb5+ Bd7 4. Be2 Nxd5 5. d4 c5 6. dxc5 e6 7. Nf3 Bxc5 8.
O-O Nc6 9. c4 Nf6 10. Nc3 O-O 11. Bg5 Be7 12. Qc2 e5 13. Rad1 h6 14. Bxf6 Bxf6
15. Nd5 Be6 16. Qb3 b6 17. Qa4 Rc8 18. Bd3 Bxd5 19. cxd5 Nd4 20. Be4 a5 21.
Nxd4 exd4 22. Rc1 Qe8 23. Qxe8 Rfxe8 24. Bf5 Rcd8 25. Rfe1 Rxe1+ 26. Rxe1 Kf8
1/2-1/2

[Event "Naturns - Deutschnofen"]
[Site "?"]
[Date "2017.02.11"]
[Round "7.2"]
[White "Teutsch, Alexander"]
[Black "Micheli, Carlo"]
[Result "1/2-1/2"]
[WhiteElo "2045"]
[BlackElo "2240"]
[PlyCount "43"]
[EventDate "2017.02.11"]

1. d4 g6 2. e4 Bg7 3. c4 d6 4. Nc3 c6 5. h3 Qb6 6. Nf3 e5 7. c5 dxc5 8. dxe5
Nd7 9. e6 fxe6 10. Qd6 Ndf6 11. Ng5 Bf8 12. Qe5 Qd8 13. Bf4 Qd4 14. Qc7 Qd7 15.
Bc4 Qxc7 16. Bxc7 b5 17. Bxe6 Bxe6 18. Nxe6 Kd7 19. Nxf8+ Kxc7 20. Ne6+ Kb6 21.
O-O-O Ne7 22. g4 1/2-1/2

[Event "Naturns - Deutschnofen"]
[Site "?"]
[Date "2017.02.11"]
[Round "7.3"]
[White "Tonina, Filippo"]
[Black "Lezzerini, Marco"]
[Result "1/2-1/2"]
[WhiteElo "1980"]
[BlackElo "2059"]
[PlyCount "72"]
[EventDate "2017.02.11"]

1. e4 c5 2. Nc3 e6 3. g3 Nc6 4. Bg2 Nf6 5. Nge2 e5 6. O-O Be7 7. d3 O-O 8. h3
d6 9. f4 Nd4 10. Be3 b5 11. Qd2 b4 12. Nd1 Rb8 13. c3 bxc3 14. bxc3 Nxe2+ 15.
Qxe2 Qa5 16. g4 Ba6 17. g5 Nd7 18. f5 f6 19. g6 c4 20. gxh7+ Kh8 21. d4 Bd8 22.
Qd2 Bb6 23. h4 exd4 24. Bxd4 Bxd4+ 25. Qxd4 Qc5 26. Ne3 Qxd4 27. cxd4 Rb2 28.
Rfc1 Rc8 29. Bf1 Rd2 30. Rd1 Rxd1 31. Rxd1 Kxh7 32. Rc1 Nb6 33. Kf2 Rd8 34. Kf3
Bb7 35. d5 Ba6 36. Rc2 Rc8 1/2-1/2

[Event "Naturns - Deutschnofen"]
[Site "?"]
[Date "2017.02.11"]
[Round "7.4"]
[White "Unterthurner, Hans"]
[Black "Thurner, Markus"]
[Result "0-1"]
[WhiteElo "1937"]
[BlackElo "1909"]
[PlyCount "98"]
[EventDate "2017.02.11"]

1. e4 e6 2. d4 d5 3. Nc3 Bb4 4. e5 Ne7 5. Bd3 c5 6. a3 Bxc3+ 7. bxc3 Qa5 8. Bd2
c4 9. Be2 Nd7 10. Nf3 Nb6 11. O-O Na4 12. Kh1 Bd7 13. Qb1 Nc6 14. Qe1 h6 15.
Nh4 g5 16. Nf3 O-O-O 17. Ng1 Rdg8 18. Bh5 Be8 19. Qe2 Qd8 20. f4 Ne7 21. g4 Ng6
22. fxg5 hxg5 23. Nh3 Nf4 24. Nxf4 gxf4 25. Rxf4 Rh7 26. Raf1 Qe7 27. R1f2 Rgg7
28. Qf1 Kb8 29. Rf6 a6 30. Qc1 Rg8 31. Qf1 Qxa3 32. Bxf7 Bxf7 33. Rxf7 Rxf7 34.
Rxf7 Rxg4 35. Qb1 Qb2 36. Qd1 Rg8 37. Rf6 Nxc3 38. Bxc3 Qxc3 39. Rf3 Qb2 40.
Rf6 Qc3 41. Rf3 Qb2 42. Rf6 Qa3 43. Qf1 Ka7 44. h4 Qg3 45. Qf2 Qh3+ 46. Qh2 Qe3
47. Qf2 Qh3+ 48. Qh2 Qe3 49. Rf2 Rg4 0-1

[Event "Naturns - Deutschnofen"]
[Site "?"]
[Date "2017.02.11"]
[Round "7.6"]
[White "Gurschler, Gregor"]
[Black "Welsch, Ulrich"]
[Result "1/2-1/2"]
[WhiteElo "1831"]
[BlackElo "1599"]
[PlyCount "99"]
[EventDate "2017.02.11"]

1. e4 e6 2. d3 d5 3. Nd2 g6 4. Ngf3 Bg7 5. g3 Ne7 6. Bg2 O-O 7. O-O Nd7 8. Re1
b6 9. e5 c5 10. c3 b5 11. d4 Qb6 12. Nf1 a5 13. h4 h5 14. N1h2 cxd4 15. cxd4 f5
16. Bf4 Ba6 17. Qd2 Rac8 18. Ng5 Rc4 19. Nhf3 Rfc8 20. Rac1 b4 21. Bf1 Rxc1 22.
Rxc1 Bc4 23. b3 Bxf1 24. Kxf1 Rc6 25. Rxc6 Qxc6 26. Qd3 Nf8 27. Ke1 Nc8 28. Kd1
Na7 29. Qc2 Bh6 30. Qxc6 Nxc6 31. Nxe6 Nxe6 32. Bxh6 Nexd4 33. Nxd4 Nxd4 34.
Be3 Nc6 35. f4 Kf7 36. Kd2 d4 37. Bf2 Ke6 38. Kd3 Kd5 39. Bg1 Kc5 40. Bf2 Kd5
41. Be1 Kc5 42. Bd2 Kd5 43. Bc1 Na7 44. a3 Nc6 45. Bb2 Kc5 46. Bc1 Kd5 47. Bb2
Kc5 48. a4 Kd5 49. Bc1 Ne7 50. Bd2 1/2-1/2

[Event "Richter/Lask - Groeden"]
[Site "?"]
[Date "2017.02.11"]
[Round "7.1"]
[White "Seresin, Francesco"]
[Black "De Eccher, Stefano"]
[Result "1-0"]
[WhiteElo "2301"]
[BlackElo "2212"]
[PlyCount "75"]
[EventDate "2017.02.11"]

1. d4 d5 2. c4 c6 3. Nf3 Nf6 4. Nc3 dxc4 5. a4 Bf5 6. e3 e6 7. Bxc4 Bb4 8. O-O
Nbd7 9. Qe2 Bg6 10. e4 O-O 11. e5 Nd5 12. Bd2 Rc8 13. Rfc1 N5b6 14. Bb3 c5 15.
Bg5 Qe8 16. Na2 h6 17. Bf4 Qe7 18. Nxb4 cxb4 19. a5 Nd5 20. Bxd5 exd5 21. Qb5
Nb8 22. Bd2 Nc6 23. a6 bxa6 24. Rxa6 Nb8 25. Raa1 Rc7 26. Bxb4 Rfc8 27. Rxc7
Qxc7 28. Qxd5 Qb6 29. Bc3 Nc6 30. Qa2 Be4 31. Nd2 Bd3 32. Nc4 Qd8 33. Nd6 Rc7
34. d5 Nxe5 35. Bxe5 Qg5 36. Bc3 Rd7 37. Bb4 Qf4 38. Qa3 1-0

[Event "Richter/Lask - Groeden"]
[Site "?"]
[Date "2017.02.11"]
[Round "7.2"]
[White "Moncher, Stefano"]
[Black "Moroder, Stephan"]
[Result "0-1"]
[WhiteElo "2171"]
[BlackElo "2153"]
[PlyCount "76"]
[EventDate "2017.02.11"]

{1200MB, Book2014.ctg, Ruben-PC} 1. f4 {[%emt 0:00:00]} 1... d5 {[%emt 0:00:00]
} 2. Nf3 Nc6 3. g3 h5 4. Bg2 h4 5. Nxh4 Rxh4 6. gxh4 Bg4 7. c3 e6 8. O-O Qxh4
9. Qe1 Qh5 10. Bf3 Nf6 11. d4 O-O-O 12. Nd2 Bd6 13. Bxg4 Qxg4+ 14. Qg3 Qxe2 15.
Qg2 Qh5 16. Nf3 Ne7 17. Bd2 Rh8 18. Rae1 Ne4 19. Bc1 c6 20. Re2 Nf5 21. Rfe1
Rh6 22. Qf1 Nfg3 23. Qg2 Nxe2+ 24. Qxe2 Rg6+ 25. Ng5 Qxe2 26. Rxe2 f6 27. h4
fxg5 28. hxg5 Kd7 29. Rg2 c5 30. Kf1 Kc6 31. Ke2 Kd7 32. Kf3 Ke7 33. Rg1 Kf7
34. Be3 c4 35. Rh1 Be7 36. Kg4 Nf6+ 37. Kh4 Ne4 38. Rh3 Rh6+ 0-1

[Event "Richter/Lask - Groeden"]
[Site "?"]
[Date "2017.01.28"]
[Round "7.3"]
[White "Demetz, Rainer"]
[Black "Voltolini, Giuseppe"]
[Result "1-0"]
[WhiteElo "2173"]
[BlackElo "2182"]
[PlyCount "65"]
[EventDate "2017.02.11"]

1. e4 c5 2. Nf3 d6 3. c4 Nc6 4. d4 cxd4 5. Nxd4 g6 6. Nc3 Bg7 7. Be3 Nf6 8. f3
O-O 9. Be2 Nxd4 10. Bxd4 Be6 11. O-O Qa5 12. Kh1 Rfc8 13. b3 a6 14. f4 Qd8 15.
Bf3 Rab8 16. a4 b6 17. Ra2 Ne8 18. Rd2 Bxd4 19. Rxd4 f6 20. e5 Qc7 21. exd6
Nxd6 22. Re1 Bf7 23. Bd5 Nf5 24. Bxf7+ Kxf7 25. Rd7 Qc6 26. Qd5+ Qxd5 27. Nxd5
Rd8 28. Ra7 Ra8 29. Rxa8 Rxa8 30. g4 e6 31. Nxb6 Rb8 32. Nd7 Rd8 33. gxf5 1-0

[Event "Richter/Lask - Groeden"]
[Site "?"]
[Date "2017.01.28"]
[Round "7.4"]
[White "Pangrazzi, Marco"]
[Black "Bernardi, Ruben"]
[Result "0-1"]
[WhiteElo "2241"]
[BlackElo "2135"]
[PlyCount "66"]
[EventDate "2017.02.11"]

1. e4 e6 2. Nf3 d5 3. e5 c5 4. c3 Nc6 5. Bb5 Bd7 6. Ba4 Nh6 7. O-O Qb6 8. Bc2
Be7 9. Re1 O-O-O 10. d4 Kb8 11. Re2 Rc8 12. dxc5 Bxc5 13. b4 Bf8 14. a4 f5 15.
Na3 Nf7 16. Bxf5 g6 17. Bd3 Bg7 18. Qe1 Rhf8 19. Nb5 Qd8 20. Nbd4 g5 21. Nxc6+
bxc6 22. Bxh7 g4 23. Nd2 Qh4 24. Bd3 Ng5 25. Re3 Rh8 26. Nf1 Rcf8 27. f4 gxf3
28. Qxh4 Rxh4 29. g3 Nh3+ 30. Kh1 Rhh8 31. Bd2 Nf2+ 32. Kg1 Ng4 33. Ba6 Be8 0-1

[Event "Richter/Lask - Groeden"]
[Site "?"]
[Date "2017.02.11"]
[Round "7.5"]
[White "Moroder, Thomas"]
[Black "Billio, Atto"]
[Result "1-0"]
[WhiteElo "1982"]
[BlackElo "2010"]
[PlyCount "71"]
[EventDate "2017.02.11"]

1. e4 c5 2. Nf3 e6 3. d4 cxd4 4. Nxd4 Nc6 5. Nb5 d6 6. c4 a6 7. N5c3 Nf6 8. Be3
Be7 9. Be2 b6 10. O-O O-O 11. f3 Rb8 12. Qd2 Bb7 13. Rd1 Ne5 14. Na3 Bc6 15.
Rac1 Rb7 16. Bf1 Qb8 17. Nc2 Be8 18. Nd4 Rc7 19. b3 Nc6 20. Qf2 Nxd4 21. Bxd4
b5 22. e5 dxe5 23. Bxe5 Qa7 24. Bd4 Qb7 25. Bd3 bxc4 26. Bxc4 Bc6 27. Qe2 a5
28. Qe5 Rd7 29. Qxa5 Rxd4 30. Rxd4 Bxf3 31. gxf3 Qxf3 32. Rd3 Qg4+ 33. Rg3 Qd4+
34. Kh1 Bd6 35. Rd1 Qf4 36. Qg5 1-0

[Event "Richter/Lask - Groeden"]
[Site "?"]
[Date "2017.02.11"]
[Round "7.6"]
[White "Bevilacqua, Maurizio"]
[Black "Grossi, Christian"]
[Result "1/2-1/2"]
[WhiteElo "2019"]
[BlackElo "1761"]
[PlyCount "66"]
[EventDate "2017.02.11"]

1. c4 g6 2. Nc3 Bg7 3. d4 Nf6 4. Nf3 O-O 5. Bg5 d6 6. e3 Nbd7 7. Be2 c6 8. Qc2
e5 9. O-O Qc7 10. Rfd1 a6 11. a4 exd4 12. Nxd4 Nc5 13. Bf4 a5 14. Ndb5 cxb5 15.
Nxb5 Qc6 16. Rxd6 Qe4 17. Qd1 Bf5 18. Rc1 Qe7 19. g4 Be6 20. f3 Rfd8 21. Qe1
Nfd7 22. Rcd1 Be5 23. Nc7 Bxf4 24. exf4 Nf6 25. Rxe6 Nxe6 26. Nxa8 Rxa8 27. Bf1
Qc5+ 28. Qf2 Qxf2+ 29. Kxf2 Rd8 30. Rxd8+ Nxd8 31. Ke3 Nc6 32. Bd3 Kf8 33. h4
Ke7 1/2-1/2

[Event "Gries - Bruneck"]
[Site "?"]
[Date "2017.02.11"]
[Round "7.2"]
[White "Spornberger, Andre"]
[Black "Moling, Patrick"]
[Result "1-0"]
[WhiteElo "2187"]
[BlackElo "2077"]
[PlyCount "99"]
[EventDate "2017.02.11"]

1. d4 Nf6 2. Bf4 e6 3. e3 c5 4. c3 Qb6 5. Qb3 Nc6 6. Nd2 Qxb3 7. axb3 d5 8. h3
Be7 9. Ngf3 O-O 10. Bd3 b6 11. O-O Bb7 12. Ba6 Bxa6 13. Rxa6 Nd7 14. Ne5 Ndxe5
15. Bxe5 Rac8 16. Bg3 Rfd8 17. Nb1 Rd7 18. Rd1 f6 19. Kf1 e5 20. dxe5 fxe5 21.
Na3 Bf6 22. Nb5 Rcd8 23. Rda1 e4 24. Nxa7 Nxa7 25. Rxa7 d4 26. Bc7 dxc3 27.
bxc3 Rd1+ 28. Rxd1 Rxd1+ 29. Ke2 Rb1 30. Bxb6 Bxc3 31. f3 Rb2+ 32. Kf1 exf3 33.
gxf3 Bb4 34. Rb7 Ba3 35. Bc7 h6 36. Be5 Rb1+ 37. Ke2 g5 38. f4 gxf4 39. exf4
Bb4 40. Bd6 Re1+ 41. Kf3 h5 42. f5 Rf1+ 43. Ke4 Rf2 44. Be5 Bd2 45. f6 Kf8 46.
Bd6+ Kg8 47. Rg7+ Kh8 48. Be5 Bh6 49. Rc7 Kg8 50. Rxc5 1-0

[Event "Gries - Bruneck"]
[Site "?"]
[Date "2017.02.11"]
[Round "7.4"]
[White "Niederstaetter, Harald"]
[Black "Balzarini, Franco"]
[Result "0-1"]
[WhiteElo "1936"]
[BlackElo "1822"]
[PlyCount "62"]
[EventDate "2017.02.11"]

1. d4 d5 2. Nf3 Nf6 3. Bf4 e6 4. e3 Bd6 5. Nbd2 c5 6. Bxd6 Qxd6 7. c3 O-O 8.
Bd3 Nbd7 9. O-O Re8 10. e4 dxe4 11. Nxe4 Nxe4 12. Bxe4 Nf6 13. Bc2 b5 14. Qe2
Bb7 15. Rfd1 c4 16. Ne5 Rec8 17. Re1 Bd5 18. Qd2 a5 19. Re3 Rd8 20. Rae1 Ne8
21. Qe2 f5 22. Qh5 Ra7 23. g4 Nf6 24. Qh4 Ne4 25. f3 Nf6 26. g5 Ne8 27. f4 g6
28. Qf2 Ng7 29. h4 Rb8 30. Bd1 b4 31. h5 gxh5 0-1

[Event "Gries - Bruneck"]
[Site "?"]
[Date "2017.02.11"]
[Round "7.1"]
[White "Luciani, Valerio"]
[Black "Spornberger, Maximilian"]
[Result "1-0"]
[WhiteElo "2178"]
[BlackElo "2322"]
[PlyCount "75"]
[EventDate "2017.02.11"]

1. d4 Nf6 2. c4 g6 3. Nc3 Bg7 4. e4 d6 5. f3 O-O 6. Be3 Nc6 7. Rb1 a6 8. b4 e5
9. d5 Nd4 10. Nge2 Nxe2 11. Bxe2 Nh5 12. O-O Nf4 13. Qd2 h5 14. Rfd1 Nxe2+ 15.
Qxe2 f5 16. exf5 gxf5 17. f4 Qe8 18. Qd2 Qf7 19. Rf1 Bd7 20. Rf3 Qf6 21. Ne2 b5
22. c5 Be8 23. cxd6 cxd6 24. Rc1 Qd8 25. Rg3 h4 26. Rxg7+ Kxg7 27. fxe5 dxe5
28. Bh6+ Kg8 29. Bxf8 Kxf8 30. Qh6+ Kg8 31. Qe6+ Bf7 32. Qxf5 Qxd5 33. Qg4+ Kf8
34. Qxh4 Re8 35. Qh6+ Kg8 36. Rc3 Qd1+ 37. Kf2 Re6 38. Rg3+ 1-0

[Event "Gries - Bruneck"]
[Site "?"]
[Date "2017.02.11"]
[Round "7.3"]
[White "Peintner, Andreas"]
[Black "Zammarchi, Massimo"]
[Result "1/2-1/2"]
[WhiteElo "1933"]
[BlackElo "1949"]
[PlyCount "73"]
[EventDate "2017.02.11"]

1. d4 f5 2. Bg5 c5 3. e3 Qb6 4. b3 Nc6 5. Nf3 d6 6. Be2 h6 7. Bf4 g5 8. d5 Nb4
9. Bg3 Nf6 10. Nc3 Bg7 11. O-O O-O 12. a3 Na6 13. Na4 Qa5 14. c4 Ne4 15. Ra2
Bd7 16. Nd2 Nxg3 17. hxg3 Rab8 18. Qc2 Nc7 19. Rc1 e5 20. dxe6 Nxe6 21. Bd3 f4
22. gxf4 gxf4 23. Nc3 Qd8 24. Nf3 Ng5 25. Nxg5 Qxg5 26. Ne4 Qe5 27. exf4 Rxf4
28. Qe2 Bc6 29. Ng3 Re8 30. Qxe5 Bxe5 31. Re1 Ref8 32. Ree2 Bd4 33. Kf1 Rg4 34.
Ne4 d5 35. cxd5 Bxd5 36. Bc4 Bxc4 37. bxc4 1/2-1/2

[Event "Gries - Bruneck"]
[Site "?"]
[Date "2017.02.11"]
[Round "7.5"]
[White "Niederkofler, Andreas"]
[Black "Fongarolli, Diego"]
[Result "0-1"]
[WhiteElo "1780"]
[BlackElo "1926"]
[PlyCount "124"]
[EventDate "2017.02.11"]

1. e4 c5 2. Nf3 d6 3. d4 cxd4 4. Nxd4 Nf6 5. Nc3 a6 6. Be2 e5 7. Nb3 Be7 8. O-O
O-O 9. a4 Be6 10. Bf3 Qc7 11. Re1 Nbd7 12. Nd2 Rac8 13. Nf1 Rfd8 14. Ne3 Nb6
15. a5 Nc4 16. Nxc4 Qxc4 17. Bg5 h6 18. Bxf6 Bxf6 19. Bg4 Rc7 20. Bxe6 fxe6 21.
Qg4 Kf7 22. Ne2 Qb4 23. c3 Qxb2 24. f4 Qd2 25. f5 exf5 26. Qxf5 Qg5 27. Qf3 Rc5
28. Rf1 Rdc8 29. Rfd1 Ke7 30. Rab1 R8c7 31. Qd3 R5c6 32. Rb3 Kd7 33. Rdb1 Kc8
34. Rb6 Qg4 35. Rxc6 Rxc6 36. c4 Qe6 37. Rb4 Bd8 38. Qb3 Qf7 39. Ra4 Rc5 40.
Qc3 Qc7 41. h3 Rxa5 42. Rxa5 Qxa5 43. Qd3 Qc5+ 44. Kh2 Bb6 45. h4 Kb8 46. Ng3
g6 47. Qd2 Qxc4 48. Qxd6+ Ka7 49. Qxg6 Qc1 50. Qf6 Qf4 51. Qxf4 exf4 52. Ne2
Bc7 53. Kh3 h5 54. g4 f3 55. Ng3 f2 56. Nf1 a5 57. gxh5 a4 58. Kg2 a3 59. Nd2
a2 60. Nb3 f1=Q+ 61. Kxf1 Be5 62. Ke2 a1=Q 0-1

[Event "Gries - Bruneck"]
[Site "?"]
[Date "2017.02.11"]
[Round "7.6"]
[White "Paulmichl, Martin"]
[Black "Peintner, Markus"]
[Result "1-0"]
[WhiteElo "1889"]
[BlackElo "1431"]
[PlyCount "105"]
[EventDate "2017.02.11"]

1. d4 d5 2. Bf4 Nf6 3. e3 e6 4. Nf3 Be7 5. h3 Nbd7 6. Nbd2 c5 7. c3 a6 8. Bd3
Nh5 9. Bh2 Nhf6 10. O-O O-O 11. Ne5 Nxe5 12. dxe5 Ne8 13. f4 f5 14. exf6 Nxf6
15. Nf3 Bd7 16. Ne5 Bd6 17. Qe2 Bxe5 18. fxe5 Ne4 19. Bxe4 dxe4 20. Qg4 Qb6 21.
Bf4 Kh8 22. Rad1 Rad8 23. Bg5 Rxf1+ 24. Rxf1 Rg8 25. Rf7 Qb5 26. b3 Qc6 27. Re7
Be8 28. Qxe6 Qb5 29. c4 Qc6 30. Qd6 Qc8 31. e6 Qc6 32. Bf4 Qxd6 33. Bxd6 Bc6
34. Rc7 h6 35. Bxc5 Kh7 36. Bd4 Kg6 37. g4 Kh7 38. Kg2 Kg6 39. Kg3 Kh7 40. h4
a5 41. a4 Kg6 42. h5+ Kh7 43. Bc3 Kh8 44. Rf7 Kh7 45. Bxa5 Re8 46. Bc3 Rg8 47.
a5 Re8 48. Rxg7+ Kh8 49. Rxb7+ Kg8 50. Rg7+ Kf8 51. e7+ Rxe7 52. Rxe7 Kxe7 53.
Bg7 1-0

[Event "Richter/LASK2 - Steinegg"]
[Site "?"]
[Date "2017.02.11"]
[Round "7.1"]
[White "Mukic, Josko"]
[Black "Perino, Alberto"]
[Result "1/2-1/2"]
[WhiteElo "2264"]
[BlackElo "1790"]
[PlyCount "43"]
[EventDate "2017.02.11"]

{400MB} 1. e4 {[%emt 0:00:00]} 1... d6 {[%emt 0:00:00]} 2. d4 {[%emt 0:00:00]}
2... Nf6 {[%emt 0:00:00]} 3. Nc3 {[%emt 0:00:00]} 3... Nbd7 {[%emt 0:00:00]} 4.
Nf3 {[%emt 0: 00:00]} 4... e5 {[%emt 0:00:00]} 5. Be2 {[%emt 0:00:00]} 5... Be7
{[%emt 0:00:00]} 6. O-O {[%emt 0:00:00]} 6... O-O {[%emt 0:00:00]} 7. a4 {
[%emt 0:00:00]} 7... c6 {[%emt 0:00:00]} 8. a5 {[%emt 0:00:00]} 8... Qc7 {
[%emt 0:00:00]} 9. Re1 {[%emt 0:00:00]} 9... exd4 {[%emt 0:00:00]} 10. Nxd4 {
[%emt 0:00:00]} 10... Nc5 {[%emt 0:00:00]} 11. Bf1 {[%emt 0:00:00]} 11... Rd8 {
[%emt 0:00:00]} 12. b4 {[%emt 0:00:00]} 12... Ne6 {[%emt 0:00:00]} 13. Nf5 {
[%emt 0:00:00]} 13... d5 {[%emt 0:00:00]} 14. Nxe7+ {[%emt 0:00:00]} 14... Qxe7
{[%emt 0:00:00]} 15. e5 {[%emt 0:00:00]} 15... Qxb4 {[%emt 0:00:00]} 16. Na2 {
[%emt 0: 00:00]} 16... Qd4 {[%emt 0:00:00]} 17. Qxd4 {[%emt 0:00:00]} 17...
Nxd4 {[%emt 0:00:00]} 18. exf6 {[%emt 0:00:00]} 18... Nxc2 {[%emt 0:00:00]} 19.
Bb2 {[%emt 0:00:00]} 19... Nxa1 {[%emt 0:00:00]} 20. Bxa1 {[%emt 0:00:00]}
20... Bf5 {[%emt 0:00:00]} 21. fxg7 {[%emt 0:00:00]} 21... d4 {[%emt 0:00:00]}
22. Bc4 {[%emt 0:00:00]} 1/2-1/2

[Event "Lana - Ridnaun"]
[Site "?"]
[Date "2017.02.11"]
[Round "7.1"]
[White "Aigner, Helmut"]
[Black "Pichler, Norbert"]
[Result "1/2-1/2"]
[WhiteElo "1856"]
[BlackElo "1742"]
[PlyCount "42"]
[EventDate "2017.02.11"]

1. e4 e6 2. d4 c5 3. d5 exd5 4. exd5 d6 5. c4 g6 6. Nf3 Bg7 7. Na3 Nf6 8. Bd3
O-O 9. O-O Bg4 10. h3 Bxf3 11. Qxf3 a6 12. Bf4 Qc7 13. Rfe1 Nbd7 14. g4 Rfe8
15. Qg3 Rxe1+ 16. Rxe1 Re8 17. Rxe8+ Nxe8 18. Qe3 Ne5 19. Be2 Qb6 20. b3 Qd8
21. Kg2 Qd7 1/2-1/2

[Event "Arci2 - Wipptal"]
[Site "?"]
[Date "2017.02.11"]
[Round "7.1"]
[White "Sparber, Werner"]
[Black "Benvenuto, Alexander"]
[Result "1/2-1/2"]
[WhiteElo "1723"]
[BlackElo "1595"]
[PlyCount "74"]
[EventDate "2017.02.11"]

{600MB, Fritz12.ctg, utente-VAIO} 1. d4 Nf6 2. c4 g6 3. Nc3 Bg7 4. Nf3 O-O 5.
e3 d6 6. Be2 c5 7. d5 Na6 8. O-O Nc7 9. e4 e5 10. dxe6 fxe6 11. Bg5 Qd7 12. Qc2
Qc6 13. Rad1 a6 14. e5 dxe5 15. Nxe5 Qe8 16. Bf3 Nd7 17. Nxd7 Bxd7 18. Bxb7 Rb8
19. Be4 Bd4 20. b3 Qf7 21. Bh6 Rfd8 22. Ne2 e5 23. Rd3 Bf5 24. Rf3 Bxe4 25.
Qxe4 Qd7 26. Nxd4 exd4 27. Qe5 Ne6 28. h4 Re8 29. Rd1 Qc7 30. Qxc7 Nxc7 31. h5
Re2 32. hxg6 hxg6 33. Bf4 Rb7 34. Bd6 Ne6 35. Kf1 Re4 36. Re1 Rxe1+ 37. Kxe1
Rd7 1/2-1/2